Etelä-Karjalan maakunnan kunnat - Statistics

Yleistilastot
  • Tätä visaa on pelattu 261 kertaa
  • Keskiarvotulos 10 / 18
Vastaustilastot
Hint Vastaus % Oikein
Kunta (1967) Lappee
99%
Kaupunki Lappeenranta
98%
Kaupunki Imatra
94%
Kunta Lemi
70%
Kunta Luumäki
70%
Kunta Ruokolahti
70%
Kunta Parikkala
68%
Kunta Savitaipale
68%
Kunta Taipalsaari
63%
Kaupunki (2009) Joutseno
59%
Kunta Rautjärvi
53%
Kunta (2010) Ylämaa
38%
Kunta (1967) Lauritsala
34%
Kunta (1989) Nuijamaa
34%
Kunta (1973) Simpele
34%
Kunta (2005) Saari
30%
Kunta (2005) Uukuniemi
30%
Kunta (2013) Suomenniemi
23%
Ehtoja vastaavia visoja ei löytynyt
Tulosjakauma
Jokaisen tuloksen saaneiden osuus
Persentiili vastausten määrän mukaan
Tuloshistoriasi
Et ole pelannut tätä visaa